000 00981cam a2200313 a 4500
005 20260322212043.0
008 data
010 _a 2012374293
020 _a9780061905858 (trade bdg.)
020 _a9780061905865 (lib. bdg.)
020 _a0061905852
040 _aDLC
_cDLC
_dDLC
042 _apcc
050 0 0 _aPS3569.I47224
_bL5 2009
082 0 0 _a811/.54
_223
099 _aSILVES
100 1 _aSilverstein, Shel.
245 1 2 _aA light in the attic /
_cShel Silverstein.
250 _aSpecial ed.
260 _aNew York :
_bHarper,
_cc2009.
300 _a185 p. :
_bill. ;
_c23 cm.
500 _aIncludes index.
520 _aA collection of humorous poems and drawings. This special edition contains twelve new poems.
650 0 _aChildren's poetry, American.
906 _a7
_bcbc
_corignew
_d2
_encip
_f20
_gy-gencatlg
925 0 _aAcquire
_b2 shelf copies
_xpolicy default
001 data
999 _c1011
_d1011